Come parlare alle ragazze /

में बचाया:
ग्रंथसूची विवरण
मुख्य लेखक: Greven, Alec (लेखक)
अन्य लेखक: Acedera, Kei (व्याख्याता), Sarfatti, Anna (अनुवादक)
स्वरूप: पुस्तक
भाषा:इतालवी
प्रकाशित: Firenze ; Milano : Giunti, 2009
विषय:
टैग: टैग जोड़ें
कोई टैग नहीं, इस रिकॉर्ड को टैग करने वाले पहले व्यक्ति बनें!

MARC

LEADER 00000nam a22000007i 4500
001 IT\ICCU\LO1\1233929
003 ItRI
005 20260115232046.0
008 090227s2009 it |||||| ||||| |||||c
020 |a 9788809742727 
040 |b ita  |c importazione bologna sebina 
041 7 |a ita  |2 ISO-639-2 
082 |a 155.432  |9 PSICOLOGIA INFANTILE. BAMBINI  |2 19 
100 1 |a Greven, Alec  |0 IT\ICCU\LO1V\354645  |4 aut 
240 1 0 |a How to talk to girls  |3 IT\ICCU\LO1\1233930  |9 Greven, Alec 
245 1 0 |a Come parlare alle ragazze /  |c Alec Greven ; illustrazioni di Kei Acedera ; traduzione di Anna Sarfatti. 
260 |a Firenze ;  |a Milano :  |b Giunti,  |c 2009 
300 |a 46 p. :  |b ill. ;  |c 19 cm. 
650 7 |a Fanciulli  |x Psicologia  |x Libri per ragazzi  |2 scbi 
700 1 |a Acedera, Kei  |0 IT\ICCU\LO1V\354646  |4 ill 
700 1 |a Sarfatti, Anna  |0 IT\ICCU\TO0V\170480  |4 trl 
942 |2 ddc  |c BK  |n 0 
952 |0 0  |1 0  |4 0  |6 R_155_432000000000000_GRE  |7 0  |9 19310  |a BO  |b BO  |d 2026-01-15  |i 14091  |l 0  |o R 155.432 GRE  |p BO14091  |r 2026-01-15 23:20:46  |w 2026-01-15  |x [Sebina 5] [1 v.]  |y BK  |z 1 v. 
999 |c 16439  |d 16439